[Event "CHN-chT (Women)"]
[Site "Qingdao"]
[Date "2024.04.08"]
[Round "7.1"]
[White "Guo, Qi"]
[Black "Hu, Yi"]
[Result "1-0"]
[WhiteElo "2378"]
[BlackElo "2012"]
[PlyCount "75"]
[EventDate "2024.04.02"]
[EventType "team-swiss"]
[EventRounds "9"]
[EventCountry "CHN"]
[SourceTitle "CB16_2024"]
[SourceDate "2024.04.17"]
[SourceVersion "1"]
[SourceVersionDate "2024.04.17"]
[SourceQuality "1"]
[WhiteTeam "Jiangsu (W)"]
[BlackTeam "Qingdao (W)"]
[WhiteTeamCountry "CHN"]
[BlackTeamCountry "CHN"]

1. d4 Nf6 2. c4 e6 3. Nf3 d5 4. cxd5 exd5 5. Nc3 c6 6. Qc2 Na6 7. a3 Nc7 8. Bg5 Ne6 9. Bh4 Be7 10. e3 0-0 11. Bd3 g6 12. b4 a6 13. Na4 b5 14. Nb2 a5 15. 0-0 axb4 16. axb4 Bb7 17. Ne5 Qd6 18. Qb3 g5 19. Bg3 Qxb4 20. Qc2 Rxa1 21. Rxa1 Ra8 22. Rb1 Ra2 23. h4 h6 24. Bg6 fxg6 25. Qxg6+ Ng7 26. Nbc4 Qc3 27. Qf7+ Kh7 28. Qxe7 Qc2 29. Rf1 Ne4 30. Nd6 Nxg3 31. Ne8 N3h5 32. hxg5 hxg5 33. g4 Ra8 34. Nxg7 Nxg7 35. Kg2 Qe4+ 36. f3 Ra2+ 37. Kg3 Qxe3 38. Rh1+ 1-0

[Event "CHN-chT Div A Finals"]
[Site "Nanjing"]
[Date "2023.12.02"]
[Round "1.19"]
[White "Guo, Qi"]
[Black "Song, Yuxin"]
[Result "1/2-1/2"]
[WhiteElo "2372"]
[BlackElo "2397"]
[PlyCount "68"]
[EventDate "2023.12.02"]
[EventType "team-tourn"]
[EventRounds "10"]
[EventCountry "CHN"]
[SourceTitle "CB50_2023"]
[SourceDate "2023.12.13"]
[SourceVersion "1"]
[SourceVersionDate "2023.12.13"]
[SourceQuality "1"]
[WhiteTeam "Jiangsu"]
[BlackTeam "Shenzhen Pengcheng"]
[WhiteTeamCountry "CHN"]
[BlackTeamCountry "CHN"]

1. d4 Nf6 2. Nf3 d5 3. c4 e6 4. Nc3 c5 5. cxd5 cxd4 6. Qxd4 exd5 7. e4 dxe4 8. Qxd8+ Kxd8 9. Ng5 Be6 10. Nxe6+ fxe6 11. Bc4 Ke7 12. Bg5 Nc6 13. Nxe4 Kf7 14. Bxf6 gxf6 15. 0-0-0 Rd8 16. Rxd8 Nxd8 17. f4 f5 18. Rd1 Be7 19. Ng5+ Bxg5 20. fxg5 Ke7 21. Bb5 Nc6 22. Bxc6 bxc6 23. Rd4 Rg8 24. h4 h6 25. gxh6 Rh8 26. g4 fxg4 27. Rxg4 Rxh6 28. Rg7+ Kd6 29. Rxa7 Rxh4 30. Ra8 Rh1+ 31. Kc2 Rh2+ 32. Kc3 Rh3+ 33. Kc2 Rh2+ 34. Kc3 Rh3+ 1/2-1/2

[Event "CHN-chT DivA"]
[Site "Fuling"]
[Date "2023.06.15"]
[Round "9.5"]
[White "Guo, Qi"]
[Black "Du, Yuxin"]
[Result "1-0"]
[WhiteElo "2369"]
[BlackElo "1929"]
[PlyCount "65"]
[EventDate "2023.06.05"]
[EventType "team-tourn"]
[EventRounds "11"]
[EventCountry "CHN"]
[SourceTitle "CBM 214 Extra"]
[Source "ChessBase"]
[SourceDate "2023.07.31"]
[SourceVersion "1"]
[SourceVersionDate "2023.07.31"]
[SourceQuality "1"]
[WhiteTeam "Jiangsu"]
[BlackTeam "Shandong"]
[WhiteTeamCountry "CHN"]
[BlackTeamCountry "CHN"]

1. d4 Nf6 2. c4 e6 3. Nf3 d5 4. Nc3 Be7 5. Bg5 h6 6. Bh4 Ne4 7. Bxe7 Qxe7 8. cxd5 Nxc3 9. bxc3 exd5 10. Qb3 c6 11. e3 Nd7 12. Bd3 Nf6 13. 0-0 0-0 14. a4 c5 15. Qa3 Qc7 16. a5 Be6 17. dxc5 Nd7 18. a6 Nxc5 19. axb7 Nxb7 20. Nd4 Nc5 21. Bb5 Ne4 22. Rfc1 a5 23. c4 Qe5 24. Nc6 Qg5 25. f4 Qh5 26. cxd5 Bg4 27. Qd3 Nd6 28. e4 Kh8 29. Ba4 Be2 30. Qe3 Rae8 31. e5 Nf5 32. Qf2 Rc8 33. d6 1-0

[Event "CHN-chT DivA"]
[Site "Fuling"]
[Date "2023.06.11"]
[Round "6.1"]
[White "Guo, Qi"]
[Black "Sun, Fanghui"]
[Result "1-0"]
[WhiteElo "2369"]
[BlackElo "2223"]
[PlyCount "65"]
[EventDate "2023.06.05"]
[EventType "team-tourn"]
[EventRounds "11"]
[EventCountry "CHN"]
[SourceTitle "CBM 214 Extra"]
[Source "ChessBase"]
[SourceDate "2023.07.31"]
[SourceVersion "1"]
[SourceVersionDate "2023.07.31"]
[SourceQuality "1"]
[WhiteTeam "Jiangsu"]
[BlackTeam "Chongqing Jiulongpo"]
[WhiteTeamCountry "CHN"]
[BlackTeamCountry "CHN"]

1. d4 Nf6 2. c4 g6 3. Nc3 d5 4. cxd5 Nxd5 5. Bd2 Bg7 6. e4 Nxc3 7. Bxc3 c5 8. d5 Bxc3+ 9. bxc3 0-0 10. h4 Qd6 11. Nf3 Bg4 12. Qd2 Bxf3 13. gxf3 Nd7 14. h5 Qf6 15. f4 Rad8 16. e5 Nxe5 17. fxe5 Qxe5+ 18. Qe3 Qxd5 19. Rh4 Rd6 20. Bc4 Qg2 21. Qg3 Qc6 22. Qe5 Qf3 23. h6 Rf6 24. Qe3 Qg2 25. 0-0-0 Rxf2 26. Rf4 Qg5 27. Bxf7+ Kh8 28. Qxf2 e5 29. Qh4 Qxf4+ 30. Qxf4 exf4 31. Rd7 b5 32. Rxa7 Rd8 33. Bd5 1-0

[Event "CHN-chT (Women)"]
[Site "Hangzhou"]
[Date "2023.05.25"]
[Round "7.1"]
[White "Guo, Qi"]
[Black "Wang, Chuqiao"]
[Result "1/2-1/2"]
[WhiteElo "2355"]
[BlackElo "2021"]
[PlyCount "72"]
[EventDate "2023.05.19"]
[EventType "team-swiss"]
[EventRounds "9"]
[EventCountry "CHN"]
[SourceTitle "CBM 214 Extra"]
[Source "ChessBase"]
[SourceDate "2023.07.31"]
[SourceVersion "1"]
[SourceVersionDate "2023.07.31"]
[SourceQuality "1"]
[WhiteTeam "Jiangsu (W)"]
[BlackTeam "Chongqing (W)"]
[WhiteTeamCountry "CHN"]
[BlackTeamCountry "CHN"]

1. d4 d5 2. c4 e6 3. Nf3 Nf6 4. Nc3 c6 5. e3 Nbd7 6. Qc2 Bd6 7. b3 0-0 8. Be2 b6 9. 0-0 Bb7 10. Bb2 Qe7 11. Rfe1 c5 12. cxd5 cxd4 13. Nxd4 Nxd5 14. Nxd5 Bxd5 15. Rac1 Nf6 16. Nc6 Qb7 17. Bxf6 gxf6 18. e4 Bxc6 19. Qxc6 Qxc6 20. Rxc6 Bc5 21. Rc7 Bd6 22. Rb7 Rfb8 23. Rxb8+ Rxb8 24. Rd1 Rd8 25. g3 Kf8 26. Kg2 Ke7 27. f4 Bc5 28. Rxd8 Kxd8 29. f5 Ke7 30. Kf3 Bd4 31. Kg4 Be3 32. Bc4 Bd2 33. Kf3 Bb4 34. Kg4 Bd2 35. Kf3 Bb4 36. Kg4 Bd2 1/2-1/2

[Event "CHN-ch (Women)"]
[Site "Xinghua"]
[Date "2023.05.15"]
[Round "10"]
[White "Yan, Tianqi"]
[Black "Guo, Qi"]
[Result "0-1"]
[WhiteElo "2220"]
[BlackElo "2355"]
[PlyCount "74"]
[EventDate "2023.05.06"]
[EventType "tourn"]
[EventRounds "11"]
[EventCountry "CHN"]
[SourceTitle "CBM 215 Extra"]
[Source "ChessBase"]
[SourceDate "2023.09.30"]
[SourceVersion "1"]
[SourceVersionDate "2023.09.30"]
[SourceQuality "1"]

1. e4 c6 2. d4 d5 3. Nc3 dxe4 4. Nxe4 Bf5 5. Ng3 Bg6 6. h4 h6 7. Nf3 Nd7 8. h5 Bh7 9. Bd3 Bxd3 10. Qxd3 e6 11. Bd2 Ngf6 12. 0-0-0 Be7 13. Kb1 0-0 14. Ne4 c5 15. g4 Nxg4 16. Qe2 Qb6 17. Rdg1 f5 18. Nh4 cxd4 19. Ng6 Rf7 20. Rxg4 fxg4 21. Qxg4 Ba3 22. Bc1 d3 23. cxd3 Rc8 24. Qe2 Nf6 25. Be3 Qb5 26. Nxf6+ Rxf6 27. Bd4 Rf7 28. Qxe6 Qxd3+ 29. Ka1 Qc4 30. Qe3 Qd5 31. Re1 Bb4 32. Bc3 Qxh5 33. Qe6 Rd8 34. a3 Bxc3 35. bxc3 Rd1+ 36. Rxd1 Qxd1+ 37. Kb2 Qd7 0-1

[Event "CHN-ch (Women)"]
[Site "Xinghua"]
[Date "2023.05.12"]
[Round "7"]
[White "Yuan, Ye"]
[Black "Guo, Qi"]
[Result "0-1"]
[WhiteElo "2171"]
[BlackElo "2355"]
[PlyCount "83"]
[EventDate "2023.05.06"]
[EventType "tourn"]
[EventRounds "11"]
[EventCountry "CHN"]
[SourceTitle "CBM 215 Extra"]
[Source "ChessBase"]
[SourceDate "2023.09.30"]
[SourceVersion "1"]
[SourceVersionDate "2023.09.30"]
[SourceQuality "1"]

1. d4 Nf6 2. c4 e6 3. Nc3 Bb4 4. Qc2 0-0 5. e4 d5 6. e5 Ne4 7. Bd3 c5 8. Nf3 cxd4 9. Nxd4 Nd7 10. Bf4 Qh4 11. g3 Qh5 12. 0-0 g5 13. cxd5 gxf4 14. dxe6 Nxe5 15. Bxe4 Bxe6 16. Nce2 Ng4 17. Nf3 Rac8 18. Nxf4 Rxc2 19. Nxh5 Rxb2 20. Rab1 Rxb1 21. Rxb1 Bc5 22. Rxb7 Nxf2 23. Bc6 Rd8 24. Nf6+ Kg7 25. Nd7 Be3 26. Kf1 Bc4+ 27. Kg2 Bxa2 28. Nde5 Nd3 29. Nxd3 Rxd3 30. Ne5 Rd2+ 31. Kf3 Bb6 32. h4 Rf2+ 33. Ke4 Bb1+ 34. Kd5 Rd2+ 35. Kc4 Ba2+ 36. Kb5 Bf2 37. g4 Be6 38. h5 Rb2+ 39. Ka4 Rxb7 40. Bxb7 Kf6 41. Nd3 Bd4 42. Bf3 0-1

[Event "CHN-ch (Women)"]
[Site "Xinghua"]
[Date "2023.05.07"]
[Round "2"]
[White "Guo, Qi"]
[Black "Zhang, Lanlin"]
[Result "1-0"]
[WhiteElo "2355"]
[BlackElo "2160"]
[PlyCount "91"]
[EventDate "2023.05.06"]
[EventType "tourn"]
[EventRounds "11"]
[EventCountry "CHN"]
[SourceTitle "CBM 215 Extra"]
[Source "ChessBase"]
[SourceDate "2023.09.30"]
[SourceVersion "1"]
[SourceVersionDate "2023.09.30"]
[SourceQuality "1"]

1. d4 Nf6 2. c4 e6 3. Nf3 b6 4. g3 Bb7 5. Bg2 Bb4+ 6. Bd2 Be7 7. Nc3 c6 8. e4 d5 9. exd5 cxd5 10. Ne5 0-0 11. 0-0 Nbd7 12. Re1 Rc8 13. Rc1 Ba8 14. cxd5 Nxe5 15. Rxe5 exd5 16. Qb3 Ne4 17. Nxd5 Bxd5 18. Rxd5 Nxd2 19. Qd1 Rxc1 20. Qxc1 Nb3 21. axb3 Qc8 22. Qxc8 Rxc8 23. Rd7 Bf6 24. d5 a5 25. Rb7 Bd4 26. d6 Bc5 27. d7 Rd8 28. Bc6 Kf8 29. b4 axb4 30. b3 Ke7 31. Rc7 Bd6 32. Rc8 g5 33. g4 Be5 34. Kg2 Bf6 35. Kf3 Ke6 36. Ke4 Be7 37. Bb5 Kd6 38. Kf5 Kd5 39. h3 Kd6 40. Rc6+ Kd5 41. Rxb6 Kc5 42. Rb7 Ra8 43. Ke4 Rd8 44. Ba4 Ra8 45. Rc7+ Kd6 46. Rc6+ 1-0

[Event "China zt 3.5 (Women)"]
[Site "Shenzhen"]
[Date "2023.04.13"]
[Round "9"]
[White "Guo, Qi"]
[Black "Zhang, Xiao"]
[Result "1/2-1/2"]
[WhiteElo "2371"]
[BlackElo "2074"]
[PlyCount "81"]
[EventDate "2023.04.05"]
[EventType "swiss"]
[EventRounds "9"]
[EventCountry "CHN"]
[SourceTitle "CBM 213 Extra"]
[Source "ChessBase"]
[SourceDate "2023.05.31"]
[SourceVersion "1"]
[SourceVersionDate "2023.05.31"]
[SourceQuality "1"]

1. d4 Nf6 2. c4 e6 3. Nf3 d5 4. Nc3 Bb4 5. e3 0-0 6. Bd2 dxc4 7. Bxc4 c5 8. a3 Bxc3 9. Bxc3 Ne4 10. d5 Nxc3 11. bxc3 exd5 12. Bxd5 Qf6 13. 0-0 Nc6 14. Rb1 b6 15. Qa4 Bb7 16. e4 Na5 17. e5 Qf5 18. Bxb7 Nxb7 19. Rbd1 Na5 20. Rd6 h6 21. Rfd1 Rfe8 22. h3 Re7 23. Rd7 Rxd7 24. Rxd7 Qe6 25. Rd6 Qf5 26. Qd1 Qe4 27. Rd7 Nc6 28. Nd2 Qxe5 29. Qf3 Qe6 30. Rc7 Rc8 31. Qf4 Rxc7 32. Qxc7 Qe1+ 33. Nf1 Ne5 34. Qxa7 Nd3 35. Qa8+ Kh7 36. Qf3 Qxc3 37. Qf5+ Kg8 38. Qc8+ Kh7 39. Qf5+ Kg8 40. Qc8+ Kh7 41. Qf5+ 1/2-1/2

[Event "China zt 3.5 (Women)"]
[Site "Shenzhen"]
[Date "2023.04.12"]
[Round "8"]
[White "Zhao, Xue"]
[Black "Guo, Qi"]
[Result "1-0"]
[WhiteElo "2486"]
[BlackElo "2371"]
[PlyCount "67"]
[EventDate "2023.04.05"]
[EventType "swiss"]
[EventRounds "9"]
[EventCountry "CHN"]
[SourceTitle "CBM 213 Extra"]
[Source "ChessBase"]
[SourceDate "2023.05.31"]
[SourceVersion "1"]
[SourceVersionDate "2023.05.31"]
[SourceQuality "1"]

1. d4 d5 2. c4 e6 3. Nc3 Nf6 4. Nf3 Be7 5. Bf4 0-0 6. a3 b6 7. Qc2 c5 8. Rd1 Bb7 9. cxd5 exd5 10. g3 Nbd7 11. Bg2 c4 12. Ne5 Rc8 13. Qa4 Nb8 14. Qxa7 Ba6 15. Bh3 Rc7 16. Qxb6 Rb7 17. Qxd8 Rxd8 18. Rd2 Rb3 19. Rc2 h6 20. 0-0 Bb7 21. Rd1 g5 22. Bc1 Nc6 23. f4 Ne8 24. Nf3 gxf4 25. Bxf4 h5 26. e3 Ba6 27. Kf2 Nf6 28. Bc7 Re8 29. Ne5 Bxa3 30. Nxc6 Bxb2 31. Be5 Bb5 32. Nxb5 Ne4+ 33. Kg2 Rxb5 34. Bd7 1-0

[Event "China zt 3.5 (Women)"]
[Site "Shenzhen"]
[Date "2023.04.10"]
[Round "6"]
[White "Guo, Qi"]
[Black "Xiao, Yiyi"]
[Result "1/2-1/2"]
[WhiteElo "2371"]
[BlackElo "2383"]
[PlyCount "64"]
[EventDate "2023.04.05"]
[EventType "swiss"]
[EventRounds "9"]
[EventCountry "CHN"]
[SourceTitle "CBM 213 Extra"]
[Source "ChessBase"]
[SourceDate "2023.05.31"]
[SourceVersion "1"]
[SourceVersionDate "2023.05.31"]
[SourceQuality "1"]

1. d4 d5 2. c4 e6 3. Nf3 Nf6 4. Nc3 Be7 5. Bf4 0-0 6. e3 c5 7. dxc5 Bxc5 8. cxd5 Nxd5 9. Nxd5 exd5 10. Bd3 Bb4+ 11. Nd2 d4 12. Qc2 h6 13. 0-0 Nc6 14. Rad1 Bg4 15. f3 Be6 16. a3 Bd6 17. Bxd6 Qxd6 18. Ne4 Qe7 19. exd4 Nxd4 20. Qc5 Qxc5 21. Nxc5 b6 22. Nxe6 Nxe6 23. Bc4 Rac8 24. Bxe6 fxe6 25. Rfe1 Rc6 26. Rd2 Rf7 27. Kf2 Rfc7 28. Re4 Kf7 29. Rf4+ Ke7 30. Rg4 Kf7 31. Rf4+ Ke7 32. Rg4 Kf7 1/2-1/2

[Event "China zt 3.5 (Women)"]
[Site "Shenzhen"]
[Date "2023.04.08"]
[Round "4"]
[White "Guo, Qi"]
[Black "Sun, Fanghui"]
[Result "1/2-1/2"]
[WhiteElo "2371"]
[BlackElo "2196"]
[PlyCount "111"]
[EventDate "2023.04.05"]
[EventType "swiss"]
[EventRounds "9"]
[EventCountry "CHN"]
[SourceTitle "CBM 213 Extra"]
[Source "ChessBase"]
[SourceDate "2023.05.31"]
[SourceVersion "1"]
[SourceVersionDate "2023.05.31"]
[SourceQuality "1"]

1. d4 Nf6 2. c4 g6 3. Nc3 d5 4. cxd5 Nxd5 5. e4 Nxc3 6. bxc3 Bg7 7. Nf3 c5 8. Bb5+ Nc6 9. d5 Qa5 10. Rb1 Bxc3+ 11. Bd2 a6 12. Bxc6+ bxc6 13. dxc6 Be6 14. Rc1 Bxd2+ 15. Qxd2 Qb5 16. Qc3 0-0 17. Qxc5 Bxa2 18. h4 h5 19. Rh3 Rfc8 20. Nd4 Qxc5 21. Rxc5 f6 22. Ra3 Bf7 23. e5 fxe5 24. Nf3 a5 25. Nxe5 a4 26. Kd2 Kg7 27. Kc3 Be6 28. Kb4 Bb3 29. Rb5 Ra7 30. Kc5 Rac7 31. f4 Kf6 32. Ra1 Bc2 33. g3 Ke6 34. Re1 Kf6 35. Kb6 e6 36. Ra5 Ke7 37. Re2 Bb3 38. Kc5 Bd5 39. Ra6 a3 40. Nxg6+ Kf6 41. Ne5 a2 42. Rexa2 Bxa2 43. Rxa2 Rg7 44. Kd6 Rxg3 45. Ra7 Rd8+ 46. Rd7 Rgg8 47. c7 Rxd7+ 48. Nxd7+ Kf5 49. Nc5 Rc8 50. Nd3 Ke4 51. Ne5 Kxf4 52. Ng6+ Kg3 53. Kd7 Rxc7+ 54. Kxc7 e5 55. Nxe5 Kxh4 56. Kd6 1/2-1/2

[Event "China zt 3.5 (Women)"]
[Site "Shenzhen"]
[Date "2023.04.06"]
[Round "2"]
[White "Guo, Qi"]
[Black "Wang, Qinxuanyi"]
[Result "1-0"]
[WhiteElo "2371"]
[BlackElo "1867"]
[PlyCount "153"]
[EventDate "2023.04.05"]
[EventType "swiss"]
[EventRounds "9"]
[EventCountry "CHN"]
[SourceTitle "CBM 213 Extra"]
[Source "ChessBase"]
[SourceDate "2023.05.31"]
[SourceVersion "1"]
[SourceVersionDate "2023.05.31"]
[SourceQuality "1"]

1. d4 d5 2. c4 c6 3. Nf3 Nf6 4. e3 e6 5. Nbd2 Nbd7 6. Bd3 Bd6 7. 0-0 0-0 8. e4 dxe4 9. Nxe4 Nxe4 10. Bxe4 f5 11. Bc2 b6 12. Qe2 Qe7 13. Re1 Re8 14. c5 bxc5 15. Bxf5 Nf6 16. Qc4 Kh8 17. dxc5 Bxc5 18. Bc2 Bb4 19. Bd2 Bxd2 20. Nxd2 Bb7 21. Ne4 Rad8 22. Ng5 Bc8 23. Re3 h6 24. Nf3 Rd5 25. Ne5 Qc5 26. Qxc5 Rxc5 27. Bg6 Rf8 28. Rae1 a5 29. Rb3 Kg8 30. f3 Nd7 31. Nxd7 Bxd7 32. Be4 e5 33. Rb7 Bf5 34. h4 Bxe4 35. Rxe4 Rf4 36. Kf2 Rxe4 37. fxe4 Kf8 38. Ke3 Rc2 39. g3 h5 40. a3 a4 41. Kf3 g6 42. g4 Rh2 43. gxh5 gxh5 44. Kg3 Re2 45. Rh7 Rxe4 46. Rxh5 Re2 47. Rh8+ Kg7 48. Rb8 e4 49. Kf4 c5 50. Rb6 Kf7 51. Kf5 c4 52. Rb7+ Kg8 53. Kf4 c3 54. bxc3 Ra2 55. Kxe4 Rxa3 56. Kd3 Ra1 57. Ra7 a3 58. Kc2 Kf8 59. Kb3 Rb1+ 60. Ka2 Rh1 61. Ra4 Ke7 62. Kxa3 Kd6 63. Kb3 Kc6 64. Rg4 Kc5 65. Rg5+ Kc6 66. h5 Rh4 67. c4 Rh2 68. Kb4 Rb2+ 69. Kc3 Rh2 70. c5 Rh4 71. Kd3 Kd7 72. Re5 Kc6 73. Ke3 Kd7 74. Kf3 Rc4 75. Kg3 Rc1 76. Kg4 Rg1+ 77. Kf5 1-0

[Event "China zt 3.5 (Women)"]
[Site "Shenzhen"]
[Date "2023.04.05"]
[Round "1"]
[White "Hu, Yu A"]
[Black "Guo, Qi"]
[Result "1/2-1/2"]
[WhiteElo "2061"]
[BlackElo "2371"]
[PlyCount "76"]
[EventDate "2023.04.05"]
[EventType "swiss"]
[EventRounds "9"]
[EventCountry "CHN"]
[SourceTitle "CBM 213 Extra"]
[Source "ChessBase"]
[SourceDate "2023.05.31"]
[SourceVersion "1"]
[SourceVersionDate "2023.05.31"]
[SourceQuality "1"]

1. e4 c6 2. d4 d5 3. e5 c5 4. dxc5 e6 5. a3 Bxc5 6. Nf3 f6 7. b4 Be7 8. Bb2 a5 9. b5 Nd7 10. c4 Nxe5 11. Nxe5 fxe5 12. cxd5 Nf6 13. Bxe5 exd5 14. Be2 0-0 15. Nc3 Be6 16. 0-0 Rc8 17. Bf3 Bd6 18. Bxd6 Qxd6 19. Ne2 Bg4 20. Nd4 Bxf3 21. Nxf3 Rc3 22. a4 Rfc8 23. Nd4 R3c4 24. Re1 Qf4 25. Ne6 Qg4 26. Qd2 Rc2 27. Qd4 Re8 28. h3 Qxd4 29. Nxd4 Rxe1+ 30. Rxe1 Rc4 31. Nf5 Kf8 32. Nd6 Rc7 33. g4 h6 34. Kg2 b6 35. h4 Rd7 36. Nc8 Nxg4 37. Nxb6 Rd8 38. Nc8 Rd7 1/2-1/2

[Event "Shenzhen op (Women)"]
[Site "Shenzhen"]
[Date "2023.04.01"]
[Round "3.1"]
[White "Guo, Qi"]
[Black "Ju, Wenjun"]
[Result "1/2-1/2"]
[WhiteElo "2371"]
[BlackElo "2550"]
[PlyCount "126"]
[EventDate "2023.03.30"]
[EventType "k.o. (rapid)"]
[EventRounds "4"]
[EventCountry "CHN"]
[SourceTitle "CBM 213 Extra"]
[Source "ChessBase"]
[SourceDate "2023.05.31"]
[SourceVersion "1"]
[SourceVersionDate "2023.05.31"]
[SourceQuality "1"]

1. d4 Nf6 2. c4 e6 3. Nf3 d5 4. Nc3 Bb4 5. Bg5 h6 6. Bxf6 Qxf6 7. e3 0-0 8. Rc1 dxc4 9. Bxc4 c5 10. 0-0 cxd4 11. Ne4 Qe7 12. a3 Ba5 13. Qxd4 Rd8 14. Qc5 Qxc5 15. Nxc5 Nd7 16. Nb3 Bb6 17. Be2 Nf6 18. Ne5 Bd7 19. Nc5 Bxc5 20. Rxc5 Rac8 21. Rfc1 Rxc5 22. Rxc5 Be8 23. Bf3 Rd2 24. b4 Ra2 25. h3 Rxa3 26. Bxb7 Rb3 27. Rc8 Rxb4 28. Bc6 Kf8 29. Ra8 Rb1+ 30. Kh2 Ra1 31. Bxe8 Nxe8 32. Nc6 a6 33. Ra7 Ra2 34. f3 g5 35. e4 Nd6 36. Nb4 Rd2 37. Rxa6 Nc4 38. Ra2 Rd1 39. Re2 Kg7 40. Nc2 Ne5 41. Ne3 Rd3 42. Ng4 Ng6 43. Ra2 h5 44. Nf2 Rb3 45. Rd2 Kf6 46. Nd3 Rc3 47. Kg3 h4+ 48. Kf2 Rb3 49. Ke2 Ra3 50. Kf2 Rc3 51. Ke2 Ke7 52. Kf2 Ra3 53. Ke2 f5 54. exf5 exf5 55. Kf2 Kf6 56. Ke2 Ra8 57. Kf2 Rd8 58. Ke3 Rd7 59. Ra2 Re7+ 60. Kf2 Re6 61. Ra3 Rc6 62. Ra2 Rd6 63. Ra3 Rc6 1/2-1/2

[Event "Shenzhen op (Women)"]
[Site "Shenzhen"]
[Date "2023.03.30"]
[Round "1.1"]
[White "Hong, Xing"]
[Black "Guo, Qi"]
[Result "0-1"]
[WhiteElo "1995"]
[BlackElo "2371"]
[PlyCount "94"]
[EventDate "2023.03.30"]
[EventType "k.o. (rapid)"]
[EventRounds "4"]
[EventCountry "CHN"]
[SourceTitle "CBM 213 Extra"]
[Source "ChessBase"]
[SourceDate "2023.05.31"]
[SourceVersion "1"]
[SourceVersionDate "2023.05.31"]
[SourceQuality "1"]

1. e4 c6 2. Nc3 d5 3. Nf3 Bg4 4. h3 Bxf3 5. Qxf3 e6 6. g3 Nf6 7. Bg2 Bb4 8. e5 Nfd7 9. Qg4 Bf8 10. Qe2 c5 11. 0-0 Nc6 12. f4 Be7 13. d3 0-0 14. Nd1 b5 15. Be3 b4 16. Nf2 Rc8 17. Rae1 Qa5 18. Ng4 Kh8 19. Bc1 Nd4 20. Qf2 Qxa2 21. Ne3 f6 22. exf6 Nxf6 23. Ng4 Bd6 24. c3 bxc3 25. bxc3 Qxf2+ 26. Kxf2 Nf5 27. Rxe6 Nh5 28. Rfe1 d4 29. Be4 Nhxg3 30. Rg1 Bc7 31. Bb2 Bxf4 32. Bxf5 Nxf5 33. Ke2 Rb8 34. Ba1 Ng3+ 35. Rxg3 Bxg3 36. cxd4 cxd4 37. Bxd4 Rbe8 38. Rxe8 Rxe8+ 39. Kf3 Bb8 40. Ne3 a5 41. Nf5 Be5 42. Bc5 Bb2 43. Nd6 Rc8 44. h4 Rb8 45. Nc4 a4 46. Ke4 Rb3 47. Nd2 Rb5 0-1

[Event "CHN-chT (Women)"]
[Site "Nanjing"]
[Date "2023.02.20"]
[Round "7.2"]
[White "Yan, Tianqi"]
[Black "Guo, Qi"]
[Result "0-1"]
[WhiteElo "2186"]
[BlackElo "2392"]
[PlyCount "84"]
[EventDate "2023.02.14"]
[EventType "team-swiss"]
[EventRounds "9"]
[EventCountry "CHN"]
[SourceTitle "CBM 212 Extra"]
[Source "ChessBase"]
[SourceDate "2023.03.31"]
[SourceVersion "1"]
[SourceVersionDate "2023.03.31"]
[SourceQuality "1"]
[WhiteTeam "Hangzhou (W)"]
[BlackTeam "Jiangsu (W)"]
[WhiteTeamCountry "CHN"]
[BlackTeamCountry "CHN"]

1. e4 e5 2. Nf3 Nf6 3. d4 Nxe4 4. Bd3 d5 5. Nxe5 Nd7 6. Nxd7 Bxd7 7. 0-0 Bd6 8. c4 0-0 9. c5 Be7 10. Bxe4 dxe4 11. Nc3 Bf5 12. Be3 b6 13. b4 Bf6 14. Rc1 c6 15. Qa4 b5 16. Qc2 a5 17. a3 Re8 18. Rfd1 Bg4 19. Rd2 axb4 20. axb4 Be6 21. Qxe4 Bd5 22. Qg4 g6 23. h3 h5 24. Qf4 Bg7 25. Rdd1 Bb3 26. Re1 Qf6 27. Qg3 Qf5 28. Qf3 Qxf3 29. gxf3 f5 30. Ne2 Kh7 31. Ra1 Ra4 32. Reb1 Rea8 33. Rxa4 bxa4 34. Nc1 Bc4 35. Ra1 f4 36. Bxf4 Bxd4 37. Ra3 Bb2 38. Re3 a3 39. Re7+ Kg8 40. Be5 Bxc1 41. Rg7+ Kf8 42. Rxg6 Bb2 0-1

[Event "CHN-chT (Women)"]
[Site "Nanjing"]
[Date "2023.02.19"]
[Round "6.2"]
[White "Guo, Qi"]
[Black "Liu, Hongyan"]
[Result "1-0"]
[WhiteElo "2392"]
[BlackElo "2003"]
[PlyCount "61"]
[EventDate "2023.02.14"]
[EventType "team-swiss"]
[EventRounds "9"]
[EventCountry "CHN"]
[SourceTitle "CBM 212 Extra"]
[Source "ChessBase"]
[SourceDate "2023.03.31"]
[SourceVersion "1"]
[SourceVersionDate "2023.03.31"]
[SourceQuality "1"]
[WhiteTeam "Jiangsu (W)"]
[BlackTeam "Tianjin (W)"]
[WhiteTeamCountry "CHN"]
[BlackTeamCountry "CHN"]

1. d4 f5 2. c4 Nf6 3. g3 d6 4. Bg2 g6 5. Nc3 Bg7 6. Nf3 0-0 7. 0-0 Qe8 8. d5 Na6 9. Nd4 Nc5 10. b4 Nce4 11. Ncb5 Qd8 12. f3 c6 13. dxc6 bxc6 14. fxe4 cxb5 15. exf5 d5 16. cxd5 Nxd5 17. e3 e6 18. fxe6 Bb7 19. Rxf8+ Qxf8 20. Qb3 Rd8 21. Bb2 Qe7 22. Rd1 Bxd4 23. Rxd4 Qxe6 24. e4 Rd7 25. h3 Rf7 26. Rxd5 Bxd5 27. Qxd5 Qb6+ 28. Bd4 Qc7 29. e5 Qc1+ 30. Kh2 a6 31. e6 1-0

[Event "CHN-chT (Women)"]
[Site "Nanjing"]
[Date "2023.02.14"]
[Round "1.2"]
[White "Guo, Qi"]
[Black "Zheng, Xiner"]
[Result "1-0"]
[WhiteElo "2392"]
[BlackElo "1643"]
[PlyCount "97"]
[EventDate "2023.02.14"]
[EventType "team-swiss"]
[EventRounds "9"]
[EventCountry "CHN"]
[SourceTitle "CBM 212 Extra"]
[Source "ChessBase"]
[SourceDate "2023.03.31"]
[SourceVersion "1"]
[SourceVersionDate "2023.03.31"]
[SourceQuality "1"]
[WhiteTeam "Jiangsu (W)"]
[BlackTeam "Zhejiang (W)"]
[WhiteTeamCountry "CHN"]
[BlackTeamCountry "CHN"]

1. d4 Nf6 2. c4 g6 3. Nc3 Bg7 4. e4 d6 5. Be2 0-0 6. Nf3 e5 7. Be3 exd4 8. Nxd4 Re8 9. f3 b6 10. 0-0 Bb7 11. Qd2 Nc6 12. Rad1 Nd7 13. Nc2 a5 14. b3 Nc5 15. Nd5 Ne7 16. Bg5 Bxd5 17. cxd5 f6 18. Bh4 Qc8 19. Bb5 Rf8 20. Nd4 h6 21. a3 g5 22. Bf2 f5 23. b4 axb4 24. axb4 Bxd4 25. Qxd4 Nd7 26. Bxd7 Qxd7 27. e5 dxe5 28. Qxe5 Ng6 29. Qc3 Qd6 30. Rfe1 Rae8 31. Qb3 Nf4 32. Kh1 Rxe1+ 33. Bxe1 Ng6 34. Bc3 Re8 35. Qc4 Kh7 36. b5 Qd7 37. h3 Re7 38. Qd3 Nf4 39. Qd4 Ng6 40. Qf6 Rf7 41. Qc6 Nf8 42. Ra1 Qxc6 43. bxc6 Kg6 44. Ra8 Nd7 45. Rg8+ Kh5 46. g4+ fxg4 47. hxg4+ Kh4 48. Kg2 Nf8 49. Be1# 1-0

[Event "CHN-chT Div A KO"]
[Site "Liaocheng"]
[Date "2023.02.11"]
[Round "6.3"]
[White "Wang, Yu A"]
[Black "Guo, Qi"]
[Result "1/2-1/2"]
[WhiteElo "2269"]
[BlackElo "2392"]
[PlyCount "64"]
[EventDate "2023.02.06"]
[EventType "team-k.o."]
[EventRounds "6"]
[EventCountry "CHN"]
[SourceTitle "CBM 212 Extra"]
[Source "ChessBase"]
[SourceDate "2023.03.31"]
[SourceVersion "1"]
[SourceVersionDate "2023.03.31"]
[SourceQuality "1"]
[WhiteTeam "Beijing"]
[BlackTeam "Jiangsu"]
[WhiteTeamCountry "CHN"]
[BlackTeamCountry "CHN"]

1. e4 e6 2. d4 d5 3. exd5 exd5 4. Nf3 Nf6 5. Bd3 Bd6 6. Qe2+ Be6 7. c4 dxc4 8. Bxc4 Qe7 9. 0-0 0-0 10. Re1 Re8 11. Bxe6 Qxe6 12. Qxe6 Rxe6 13. Rxe6 fxe6 14. Nc3 Nc6 15. Bg5 Nd5 16. Re1 h6 17. Bd2 Kf7 18. Nxd5 exd5 19. g3 Re8 20. Rxe8 Kxe8 21. Kf1 Kd7 22. Ke2 Ke6 23. Kd3 a6 24. Nh4 Ne7 25. f4 b6 26. b4 Kf6 27. g4 g6 28. h3 h5 29. Nf3 hxg4 30. hxg4 Ke6 31. Ng5+ Kf6 32. Nf3 Ke6 1/2-1/2